000 00451nam a2200181Ia 4500
005 20250508154017.0
008 008 250505s9999 xx 000 0 hin d
037 _aTextual
040 _aFEDL
_beng
_cFEDL
041 _ahin
_2eng
084 _a891.43, VAR
_qFEDL
100 _aVarma Direndra
_9764853
245 0 _aGadya sankalan
260 _c1964
300 _a301p.
942 _cTEXL
_h891.43, VAR
999 _c1347013
_d1347013